Método de flauta dulce en do

Guardat en:
Dades bibliogràfiques
Autor principal: Stratigopoulou Sakelaropoulou, Mirka (Autor)
Format: Llibre
Idioma:espanyol
Publicat: Valparaíso Ediciones Universitarias de Valparaíso 1971
Edició:1a. ed
Matèries:
Etiquetes: Afegir etiqueta
Sense etiquetes, Sigues el primer a etiquetar aquest registre!

MARC

LEADER 00000cam a2200000 a 4500
001 UCN9746
003 CL-VaPUC
005 20220412143913.0
008 011221e19710000CL |||||||||||||||||spa|d
999 |c 298984  |d 298982 
040 |c Pontificia Universidad Católica de Valparaíso 
082 0 4 |a Fd788.364193 STR 1971  |2 21 
100 0 |a Stratigopoulou Sakelaropoulou, Mirka  |e author  |9 466322 
245 1 0 |a Método de flauta dulce en do 
250 |a 1a. ed 
260 |a Valparaíso  |b Ediciones Universitarias de Valparaíso  |c 1971 
300 |a 61 p 
583 |a last modification  |c 20170811 09:32:13  |k Rodrigo Vera 
650 7 |a FLAUTA DULCE SOPRANO - PEDAGOGIA INSTRUMENTAL  |2 CL-VaPUC  |9 466323 
650 7 |a FLAUTA DULCE SOPRANO - TECNICAS DE EJECUCION  |2 CL-VaPUC  |9 466324 
650 7 |a FLAUTA DULCE SOPRANO - EJERCICIOS Y ESTUDIOS  |2 CL-VaPUC  |9 466325 
650 7 |a FLAUTA DULCE SOPRANO - INTERPRETACION  |2 CL-VaPUC  |9 466326 
650 0 |a Escalas musicales, ejercicios  |9 444460 
942 |c BK  |2 ddc 
945 |d 20011221 00:00:00  |a lriquelm 
952 |0 0  |1 0  |4 0  |6 FD_788_364193000000000_STR_1971  |7 0  |8 F  |9 355079  |a BIBEDU  |b BIBEDU  |d 2019-11-21  |i 1153854  |o Fd788.364193 STR 1971  |p 1153854  |r 2023-11-22  |w 2019-11-21  |y BK_F  |k MUS 
952 |0 0  |1 0  |4 0  |6 FD_788_364193000000000_STR_1971  |7 0  |8 F  |9 355080  |a BIBEDU  |b BIBEDU  |d 2019-11-21  |i 1153862  |o Fd788.364193 STR 1971  |p 1153862  |r 2023-11-22  |w 2019-11-21  |y BK_F  |k MUS 
952 |0 0  |1 0  |4 0  |6 FD_788_364193000000000_STR_1971  |7 0  |8 F  |9 355081  |a BIBEDU  |b BIBEDU  |d 2019-11-21  |i 1153870  |o Fd788.364193 STR 1971  |p 1153870  |r 2023-11-22  |w 2019-11-21  |y BK_F  |k MUS 
952 |0 0  |1 0  |3 erb  |4 0  |6 FD_788_364193000000000_STR_1971  |7 0  |8 F  |9 355082  |a BIBEDU  |b BIBEDU  |i 5414067  |o Fd788.364193 STR 1971  |p 5414067  |r 2023-11-22  |w 2019-11-21  |y BK_F  |z Catalogado en:20170818  |k MUS